[Event "Olympiad-32"]
[Site "Yerevan"]
[Date "1996.09.24"]
[Round "8.1"]
[White "Torre, Eugenio"]
[Black "Ivanchuk, Vassily"]
[Result "0-1"]
[WhiteElo "2535"]
[BlackElo "2730"]
[Annotator "Stohl,I"]
[PlyCount "114"]
[EventDate "1996.09.15"]
[EventType "team-swiss"]
[EventRounds "14"]
[EventCountry "ARM"]
[SourceTitle "CBM 055"]
[Source "ChessBase"]
[SourceDate "1996.12.01"]
[SourceVersion "1"]
[SourceVersionDate "1996.12.01"]
[SourceQuality "1"]
[WhiteTeam "Philippines"]
[BlackTeam "Ukraine"]
[WhiteTeamCountry "PHI"]
[BlackTeamCountry "UKR"]

1. e4 c5 2. c3 Nf6 3. e5 Nd5 4. Nf3 Nc6 (4... e6 5. Bc4 $5 (5. d4 cxd4 6. cxd4
b6 $13) 5... Nb6 6. Bb3 c4 7. Bc2 d6 8. exd6 Bxd6 9. b3 Nc6 10. O-O Bd7 11. Qe2
cxb3 12. axb3 Qe7 {Hracek,Z-Piket,J/Nussloch/1996/} 13. d4 $16) 5. Bc4 Nb6 6.
Bb3 (6. Be2 d6 (6... g6 $5) 7. exd6 e5 $5 8. d4 cxd4 9. cxd4 e4 10. Ng5 Bxd6
11. Nxe4 Bb4+ $10) 6... c4 $5 (6... d5 7. exd6 Qxd6 8. Na3 $5 $36) 7. Bc2 Qc7 (
7... d6 8. exd6 Qxd6 9. O-O Bg4 10. Re1 e6 11. h3 Bh5 12. b3 Bg6 13. Ba3 Qd5
14. Bxf8 Kxf8 15. Na3 Rd8 16. bxc4 Nxc4 17. Bb3 Bd3 18. Nxc4 Bxc4 19. d4 g6 $10
{Nunn,J-Anand,W/Monaco Amber/1994/}) (7... g6 8. b3 $1 d5 9. exd6 Qxd6 10. O-O
Bg7 11. Na3 cxb3 12. axb3 O-O 13. d4 Bg4 14. h3 Bxf3 15. Qxf3 e5 16. Nb5 Qd7 (
16... Qd5 $142 $5) 17. Ba3 Rfd8 18. dxe5 Nxe5 19. Qe2 $36 {Dolmatov,S-Judasin,
L/Haifa/1995/}) 8. Qe2 g5 $1 (8... g6 9. d4 $5 (9. O-O Bg7 10. Re1 {()}) 9...
cxd3 10. Bxd3 Bg7 11. Bf4 $14) 9. Nxg5 (9. h3 Bg7 $36) (9. e6 $5 dxe6 10. Nxg5
Qe5 $1 $8 11. Ne4 (11. Nxh7 $2 Bh6) (11. d4 cxd3 12. Bxd3 Qxe2+ 13. Kxe2 f5 $1)
11... f5 12. Ng3 Bh6 13. Na3 Qxe2+ 14. Kxe2 O-O 15. b3 cxb3 16. Bxb3 Nd5 17.
Re1 Nf4+ 18. Kf1 Nd3 $132 {Sveshnikov,E-Chernaev,A/Jerevan op/1996/}) 9... Qxe5
10. d4 (10. Qxe5 $2 Nxe5 11. Nxh7 Bh6 12. Bf5 d5 $1 $19) (10. Nxh7 $2 Bh6)
10... cxd3 (10... Qxe2+ $6 11. Kxe2 h6 12. Nf3 Bg7 13. Nh4 $5 $132) 11. Bxd3
Qxe2+ 12. Bxe2 (12. Kxe2 Ne5 13. Bc2 h6 $36 {עe2}) 12... Bg7 13. O-O O-O 14.
Rd1 d5 $15 {[%csl Gd5,Ge7] [+]} (14... h6 15. Nh3 $1 d5 16. Nf4 $10) 15. Be3
Rd8 (15... h6 $142 $5 16. Nf3 (16. Nh3 Bxh3 17. gxh3 e6 $17) (16. Bxb6 $6 axb6
17. Nf3 Rd8 $17 {^^}) 16... Rd8 17. Na3 (17. Nbd2 $2 Na4) 17... Na4 18. Rd2 a6
19. Rad1 (19. Bd1 b5) 19... Bf5 $15 {[%csl Ga4] The Na4 cramps White seriously.
}) 16. Bh5 $1 (16. Na3 Na4 17. Rd2 Nxc3 $5 18. bxc3 Bxc3 $17 {and in this line
there is no h6-pawn en prise as after 15...h6!?}) 16... Ne5 $8 (16... f6 $2 17.
Nf7 Rd7 18. Nh6+) 17. Bd4 Ng6 $1 (17... h6 18. Nf3 $10 (18. Bxe5 hxg5 19. Bc7
Rd7 $15)) 18. Na3 $6 (18. Bxg7 $142 Kxg7 19. g3 f6 20. Nf3 e5 21. Na3 $15)
18... Bxd4 $6 (18... e5 $6 19. Bxb6 axb6 20. Nc4 $1 Ra6 21. Ne3 Bf6 22. Nf3
$132 (22. h4 $5 $13)) (18... f6 $1 19. Bxg6 (19. Nf3 $2 Nf4) (19. Nh3 Bxh3 20.
gxh3 f5 $1) 19... hxg6 20. Nf3 Bg4 21. Nb5 Rd7 $5 $17 {/\} 22. Nxa7 Na4 23. b3
Nxc3 $17 (23... e5 $5 $36)) 19. Rxd4 (19. cxd4 $6 f6 (19... Nf4 20. Bxf7+ Kg7
21. g3 h6 22. gxf4 hxg5 23. Bh5 gxf4) 20. Bxg6 hxg6 21. Nf3 Bg4 $17 {[%cal
Ra8c8] /\Rac8}) 19... f6 20. Ne4 $1 $8 (20. Nf3 e5 {/\Nf4-+}) (20. Bxg6 hxg6
$17) 20... e5 (20... Nf4 $2 21. Nxf6+ $1 (21. Bd1 $2 Ne6)) (20... Bd7 $6 21.
Nc5 Bc6 22. Rg4 $36) 21. Rd2 (21. Nxf6+ $2 Kg7) 21... Nf4 $1 22. Bd1 (22. Nxf6+
Kg7 23. Ne8+ Kh6 $1 (23... Kf8 $2 24. Nc7 Nxh5 25. Nxa8 Nxa8 26. Re1 $14) 24.
Nc7 (24. Bf7 Bf5) 24... Kxh5 25. Nxa8 Nxa8 26. Re1 Ng6 $17) 22... Kf7 {Black
must allow the N to c5.} (22... Nd7 $2 23. Bb3 $16) 23. Nc5 Ke7 24. g3 Ne6 25.
Nxe6 Bxe6 26. Bb3 Nc4 $5 27. Bxc4 (27. Nxc4 $2 dxc4 28. Rxd8 Rxd8 29. Bc2 Rd2
30. Bxh7 Rxb2 (30... f5 $5) 31. Rb1 Rxa2 32. Rxb7+ Kd6 $17) 27... dxc4 28. Rad1
Rd3 $1 $8 (28... Rxd2 29. Rxd2 a6 30. Nc2 $10) 29. Rxd3 (29. Nxc4 $2 Rxd2 30.
Nxd2 Rd8 $1 31. f3 Bxa2 32. Ra1 (32. Kf2 $2 Bb3) 32... Rxd2 33. Rxa2 a6 $19)
29... cxd3 30. Rxd3 Bxa2 $15 31. Nc2 Ke6 (31... Bb1 32. Rd2 Bxc2 33. Rxc2 Rd8
34. Kf1 Rd1+ 35. Ke2 Rb1 36. Rd2 $10) 32. Rd2 $6 (32. Ne3 Bb1 33. Rd2 Be4 34.
f4 $5 {[%cal Yg1f2] /\Kf2=}) 32... Bd5 33. Kf1 (33. Ne3 Bf3 $36) (33. f4 $142
$1 exf4 34. gxf4 Rg8+ 35. Kf1 $1 $10 (35. Kf2 $6 Rg2+ 36. Ke3 Rxd2 37. Kxd2 Kf5
) 35... Rg4 $2 36. f5+ $1 {[%cal Rd2d5] /\Rd5}) 33... h5 34. h4 $2 (34. f4 $1
h4 35. Ne3 $15) 34... Rg8 $1 35. Ke2 f5 36. Ne3 Bc6 {/\f4} 37. c4 (37. Nc4 $6
Bb5 38. b3 Rc8 39. Rd6+ Ke7 40. Rd5 Bxc4+ 41. bxc4 Ke6 42. Ra5 a6 43. Ra4 Kd6
$17) (37. Nc2 $142 $5 a5 $5 $17 {/\b5,Rg4-a4} (37... Rg4 38. b3 $5)) 37... f4
38. gxf4 (38. Nf1 fxg3 39. fxg3 (39. Nxg3 Rg4) 39... Rf8 $19 {This position
nicely demonstrates the strength of the B with play on both flanks.}) 38...
exf4 39. Nc2 (39. Nd5 Rg4 40. Kf3 Rxh4 41. b4 (41. Ke4 f3+) 41... b5 $19) 39...
Kf5 $1 (39... Rg4 40. Nd4+ Ke5 (40... Ke7 41. Nxc6+ bxc6 42. c5 $132) 41. Nxc6+
bxc6 42. Rd7 $10) 40. Nd4+ Kg4 41. Nxc6 bxc6 $19 {Black's K and R are much
more active, also White's pawns are much more vulnerable.} 42. Rd6 (42. Rd4 Rb8
$19) (42. f3+ Kg3 $1 $19) (42. c5 Rb8 $1 $19) (42. Kf1 $5 Rb8 43. Kg2 f3+ 44.
Kh2 c5 $1 $19) 42... f3+ (42... Rb8 $2 43. Rg6+ Kxh4 44. Rxc6 Kg4 (44... Rxb2+
45. Kf3) 45. Rg6+ Kf5 46. Ra6 Rxb2+ 47. Kf3 $10) 43. Kd3 (43. Kf1 c5 $1 (43...
Rb8 44. Rxc6 Rxb2 45. Ke1 Re2+ 46. Kf1 a5 47. Ra6 Rc2 $6 48. Ke1 Rc1+ 49. Kd2
Rxc4 50. Rxa5 Re4 51. Rg5+ $1 Kxh4 52. Rg8 Re2+ 53. Kd3 Rxf2 54. Ke3 Rf1 55.
Rf8 Kg3 56. Rg8+ Kh2 57. Rf8 $10 (57. Rh8 $2 h4 $1 58. Rxh4+ Kg3)) 44. Rd5 Rb8
45. Rxc5 (45. Rg5+ Kxh4 46. Rg3 Rb3 $1) 45... Rxb2 46. Ke1 Rb1+ 47. Kd2 Rf1 48.
Ke3 Re1+ 49. Kd3 Re2 $19) 43... c5 44. Rd5 Rb8 45. Rxc5 (45. Kc3 Re8 $1 46.
Rxc5 Re2 47. Rc7 Rxf2 48. Rxa7 Re2 49. Kd3 Rxb2 50. Rg7+ Kxh4 51. Ke3 f2 52.
Rf7 Kg3 $19) 45... Rxb2 46. Rc7 a5 $1 (46... Rxf2 $2 47. Rg7+ Kxh4 48. Ke3 Rf1
49. Rxa7 $10) 47. Rg7+ (47. Ra7 Rxf2 48. Rg7+ (48. Rxa5 Re2) 48... Kxh4 49. Ke3
Rc2 50. Kxf3 Rc3+ $1 51. Kg2 Rxc4 $19) (47. c5 Rxf2 48. c6 Re2 49. Rg7+ (49.
Rd7 Re8 50. c7 f2 $19) 49... Kxh4 50. c7 Re8 51. Rf7 (51. Re7 f2 52. Rxe8 f1=Q+
53. Kd4 Qf2+ $1) 51... Kg3 52. Rg7+ Kh3 $1 (52... Kh2 $2 53. Re7 $1 f2 54. Rxe8
f1=Q+ 55. Re2+ $18) 53. Rf7 Kg2 54. Rg7+ Kf1 55. Re7 Rc8 56. Ke3 f2 57. Rf7
Re8+ $19) 47... Kxh4 48. Ke3 (48. Ke4 Rxf2 49. Ke3 Rc2 $19) (48. Rf7 $2 a4 $19)
(48. Ra7 $142 $5 Rxf2 49. Ke3 Rf1 50. c5 (50. Rxa5 Kg4) 50... Rc1 51. Rxa5 Kg3
52. c6 Rc3+ $19) 48... Rb3+ 49. Kf4 a4 50. Rg1 (50. Ra7 a3 51. c5 Kh3 $1 52. c6
Kg2 53. c7 Rc3 54. Ke5 $5 (54. Rxa3 Rxc7 55. Rxf3 Rf7+) 54... h4 $5 55. Kd6 h3
56. Ra8 (56. Rxa3 Rxc7 57. Kxc7 h2 $19) 56... h2 57. Rg8+ Kxf2 58. Rh8 Kg3 59.
Rg8+ Kf4 $19) 50... Kh3 51. c5 a3 52. Rc1 (52. c6 a2 53. c7 Rc3 54. Ra1 Kg2 $19
) (52. Ra1 Kg2 $19) 52... a2 53. Ra1 Ra3 54. c6 Kg2 55. c7 Rc3 56. Rxa2 h4 $1 (
56... Rxc7 57. Kg5 (57. Ra8 Rg7) 57... Rc5+ 58. Kh4 Re5 $19) 57. Ra8 Rxc7 0-1

[Event "Vinkovci"]
[Site "Vinkovci"]
[Date "1995.??.??"]
[Round "?"]
[White "Rosandic, Denis"]
[Black "Stohl, Igor"]
[Result "0-1"]
[WhiteElo "2385"]
[BlackElo "2530"]
[Annotator "Stohl,I"]
[PlyCount "66"]
[EventDate "1995.04.??"]
[EventType "tourn"]
[EventRounds "11"]
[EventCountry "CRO"]
[EventCategory "9"]
[SourceTitle "CBM 048"]
[Source "ChessBase"]
[SourceDate "1995.10.01"]
[SourceVersion "1"]
[SourceVersionDate "1995.10.01"]
[SourceQuality "1"]

1. e4 c5 2. c3 Nf6 3. e5 Nd5 4. d4 cxd4 5. cxd4 e6 6. a3 $5 (6. Nf3 b6 7. Nc3
Nxc3 (7... Bb7 8. Bd3 Be7 $6 (8... Nxc3 $142) 9. O-O O-O 10. Qe2 {[%cal Re2e4]
/\Qe4} f5 11. Bd2 $1 $16 a6 {[%cal Yb6b5] /\b5} 12. Bc4 Nxc3 13. bxc3 b5 14.
Bd3 $1 Ba3 15. Rfb1 Bxf3 16. Qxf3 Nc6 17. g4 fxg4 18. Qxg4 Qe7 $2 (18... Rf7 $1
$13) 19. Rb3 $1 $16 {[%csl Ra3] ץa3,Illescas Cordoba,M-Polgar,J/Linares/1994/}
) 8. bxc3 Qc7 9. Bd2 Bb7 10. Bd3 d6 11. O-O Nd7 12. Ng5 $5 dxe5 13. Qh5 g6 14.
Qh3 Be7 (14... Bd5 15. c4 Bb7 16. Rfe1 $1 {[%cal Rf2f4] /\f4!} Be7 17. dxe5 Nc5
18. Bc2 O-O-O $1 19. Bf4 Rdf8 20. Qh6 $13) 15. Rfe1 a6 16. dxe5 Nc5 17. Bc2 Rd8
$2 (17... O-O-O $142 $1 18. Bf4 Rdf8 19. Qh6 $13) 18. Bf4 f5 $2 19. exf6 $1
Qxf4 20. f7+ $1 Kd7 21. Nxe6 Nxe6 22. Rxe6 $1 Bxg2 $1 23. Kxg2 Qg5+ 24. Kf1 Kc7
25. Qg3+ Qxg3 26. hxg3 Ba3 27. Bb3 $18 {[%csl Gf7] o^f7,Ivanov,V.L-Sobolev/
Cherepovec/1993/}) 6... b6 7. Nf3 Be7 (7... Ba6 8. Bxa6 Nxa6 9. O-O $14) 8. Bc4
$146 (8. Bd3 Bb7 (8... Ba6 $5 9. O-O O-O $10) 9. O-O Na6 10. Re1 Nac7 11. Nbd2
O-O 12. Ne4 f5 13. exf6 gxf6 14. Qd2 Rf7 15. Qh6 Rg7 16. Qh3 f5 17. Bh6 fxe4
18. Rxe4 Nf6 19. Rh4 Bf8 20. Bxg7 Bxg7 21. Re1 Bxf3 22. gxf3 Qe7 23. Kh1 Kf7
24. f4 Rg8 $17 {Sanz Alonso,F-Miles,A/Amsterdam zt/1978/}) 8... Ba6 9. Bxa6 (9.
Bxd5 $5 exd5 10. Nc3 O-O $1 (10... d6 11. Qa4+ $14) 11. Nxd5 d6 $44 {[%csl Re1]
עe1}) 9... Nxa6 10. O-O O-O 11. Nbd2 (11. Nc3 Nxc3 $5 (11... Nac7 $10) 12.
bxc3 d5 13. exd6 Qxd6 $13) 11... f6 $1 12. exf6 (12. Ne4 $142 Qe8 $5 (12... f5
13. Nc3 Nac7 $10) 13. Re1 Qg6 14. Qd3 Nac7 15. Bd2 $10) 12... gxf6 $5 (12...
Bxf6 13. Ne4 Nac7 $132) 13. Ne4 Kh8 $1 {[%cal Gg8g2] <->g} 14. Nc3 $6 (14. Re1
Nac7 15. Bd2 $13) 14... Nac7 {[%csl Gd5] Both Black's N aspire for the
d5-square,by exchanging one of them White only helps his opponent.} 15. Be3 (
15. Nxd5 Nxd5 $15) 15... Rg8 16. Ne1 (16. Re1 $142) 16... f5 $1 $36 17. Nd3 Bd6
18. Qh5 (18. Nxd5 $2 Bxh2+ $1 19. Kxh2 Qh4+ 20. Kg1 Rxg2+ 21. Kxg2 Rg8+ 22. Kf3
Qg4#) (18. Ne5 Qf6 $5 $40 {/\} (18... Bxe5 19. dxe5 Qh4 $15) 19. Nxd7 $2 Qg7)
18... Rg4 $1 19. Ne5 (19. h3 $2 Nf6 20. Bg5 (20. Qh6 Bf8 $19) 20... Nxh5 21.
Bxd8 Rxd4 $17) 19... Bxe5 20. dxe5 Nxc3 (20... Nxe3 21. fxe3 Qg8 22. Rf2 {
[%csl Rd7][%cal Ya1d1,Rd1d6] /\Rd1<=>><d7}) 21. bxc3 Nd5 $17 22. h3 (22. Rad1
$5 Nxc3 $1 23. Rd3 Nd5 24. Rxd5 exd5 25. Qxf5 Qg8 {[%cal Rg8e6,Rd5d4] /\Qe6,
d4-/+}) 22... Rg6 (22... Rg7 23. Bh6 $5 $13 {[%cal Rc3c4] /\c4}) 23. c4 (23.
Bd4 $2 Nf4 $19) (23. Bd2 Rc8 $17 (23... Qc7 $5 $17)) 23... Nxe3 24. fxe3 Qc7 $1
{[%csl Ra3,Rc4,Re3,Re5,Rg2] ק} 25. Rad1 Rag8 26. Rf2 R6g7 (26... Qxc4 $6 27.
Rxd7 Rxg2+ 28. Rxg2 Rxg2+ 29. Kxg2 Qc6+ 30. e4 $5 $132) 27. Rd6 Qc5 $1 (27...
Qxc4 28. Qh6 {[%cal Rh6f6] /\Qf6} Rg6 29. Qf4 $15) 28. Rd4 (28. Qh6 Qxe5 29.
Qf4 (29. Rd4 {-28.Rd4}) 29... Qxf4 30. exf4 Rc8 $19) 28... Qxe5 29. Qh6 Rg6 (
29... Rc8 $142 $5 $19 {[%cal Yg7g6] /\Rg6}) 30. Qf4 Qg7 (30... Qxf4 $6 31. exf4
$15) 31. Rdd2 $8 Rg3 32. Qc7 $2 $138 (32. Kh2 $8 a6 $19 {/\} 33. Qd6 $2 Rxh3+
$1 $19) 32... Rxh3 33. Rxd7 (33. Qxd7 Rxe3 $19) 33... Qa1+ (33... Qa1+ 34. Rf1
Rh1+ $1 35. Kxh1 Qxf1+ $19) 0-1

[Event "Wch U18"]
[Site "Guarapuava"]
[Date "1995.??.??"]
[Round "4"]
[White "Ferguson, Mark"]
[Black "Sutovsky, Emil"]
[Result "0-1"]
[WhiteElo "2360"]
[BlackElo "2545"]
[Annotator "Sutovsky,E"]
[PlyCount "80"]
[EventDate "1995.??.??"]
[EventType "swiss"]
[EventRounds "11"]
[EventCountry "BRA"]
[SourceTitle "CBM 051"]
[Source "ChessBase"]
[SourceDate "1996.04.01"]
[SourceVersion "1"]
[SourceVersionDate "1996.04.01"]
[SourceQuality "1"]

1. e4 c5 2. Nf3 Nc6 3. c3 Nf6 (3... d5 $5) 4. e5 Nd5 5. d4 (5. Bc4 Nb6 6. Bb3
d5 7. exd6 Qxd6 8. O-O Be6 9. Bxe6 Qxe6 10. d4 cxd4 11. Nxd4 Nxd4 12. Qxd4 Rd8
13. Qh4 Qe2 14. Qg3 e6 15. Nd2 Bd6 16. Qxg7 Be5 17. Qg5 Rd3 18. Nb3 h6 19. Qh4
Rd1 20. Nd2 Rxd2 21. Bxd2 Qxd2 22. Qe4 Qf4 23. Qxf4 Bxf4 $15 {Afek,Y-Ikonnikov,
V/Paris-ch/1995/0,5/50/}) 5... cxd4 6. Bc4 Nb6 7. Bb3 d5 8. exd6 Qxd6 9. O-O
Be6 10. Na3 (10. Bxe6 Qxe6 11. Nxd4 Nxd4 12. Qxd4 Rd8 13. Qh4 Qe2 14. Be3 Qxb2
$13) 10... dxc3 (10... Bxb3 $5 {Dolmatov/} 11. Qxb3 Rc8 12. Nb5 Qd5 13. Nfxd4
Qxb3 14. axb3 $14) 11. Qe2 Bxb3 12. Nb5 Qb8 13. axb3 e5 14. Nfd4 (14. bxc3 Be7
15. Re1 Nd7 16. Ng5 Bxg5 17. Bxg5 O-O 18. Rad1 Nc5 19. Qg4 Qc8 20. Qh4 Qf5 21.
Nd6 Qg6 22. b4 Nd3 23. Re3 Qxd6 24. Rexd3 Qe6 25. b5 Na5 26. Rd6 Qf5 $17 {
Hoffman,A-Gavrikov,V/Biel/1994/0:1/42/}) 14... Be7 (14... g6 15. Nxc6 bxc6 16.
Nxa7 Qc7 17. Be3 Bd6 18. Nb5 cxb5 19. Bxb6 Qc6 20. Rxa8+ Qxa8 21. Qxb5+ Ke7 22.
bxc3 Rc8 23. c4 Qc6 24. Qxc6 Rxc6 25. Be3 $16 {Yanovsky,S-Timoshenko,G/
Voskresensk/1992/0,5/42/}) 15. Nf5 O-O 16. Nxc3 g6 17. Nxe7+ Nxe7 18. f4 f6 $1
19. fxe5 (19. Rd1 Nf5 20. fxe5 fxe5 (20... Qxe5 21. Qg4 Qc7)) 19... Qxe5 20.
Qxe5 fxe5 21. Rxf8+ Kxf8 22. Be3 Ned5 $1 (22... Nbc8 $6 23. Nb5 Nc6 (23... a6
$2 24. Rf1+ Kg8 25. Nc7 Rb8 26. Ne6 Nd6 27. Bc5 $16) 24. Rf1+ Kg8 25. Rd1 $16)
23. Nxd5 Nxd5 24. Rxa7 (24. Bxa7 Kf7 25. Ra4 b6 $1 $17) 24... Rxa7 25. Bxa7 Kf7
26. Kf2 Ke6 27. Kf3 Nf6 28. Bf2 Kf5 29. h3 h5 30. Ba7 g5 31. Bb8 g4+ 32. hxg4+
hxg4+ 33. Ke2 Ke4 34. Bc7 Nd5 35. Ba5 Ne3 $5 $17 36. Kf2 (36. g3 Nf5 37. Kf2
Kd3 $19) 36... Nd1+ 37. Kg3 Kf5 38. Bc3 Nxc3 39. bxc3 Ke4 $1 $19 40. Kxg4 Kd3
0-1

[Event "WchT 9th"]
[Site "Antalya"]
[Date "2013.11.26"]
[Round "1.3"]
[White "Tiviakov, Sergei"]
[Black "Bu, Xiangzhi"]
[Result "0-1"]
[WhiteElo "2663"]
[BlackElo "2683"]
[Annotator "Szabo,Kr"]
[PlyCount "88"]
[EventDate "2013.11.26"]
[EventType "team-tourn"]
[EventRounds "9"]
[EventCountry "TUR"]
[SourceTitle "CBM 158"]
[Source "ChessBase"]
[SourceDate "2014.01.16"]
[SourceVersion "1"]
[SourceVersionDate "2014.01.16"]
[SourceQuality "1"]
[WhiteTeam "Netherlands"]
[BlackTeam "China"]
[WhiteTeamCountry "NED"]
[BlackTeamCountry "CHN"]

1. e4 c5 2. c3 {This is one of Tiviakov's favourite moves. He is a great
expert in this line.} Nf6 3. e5 Nd5 4. Nf3 Nc6 5. d4 cxd4 6. cxd4 d6 7. Bc4 Nb6
8. Bb5 dxe5 9. Nxe5 Bd7 10. Nxd7 Qxd7 11. Nc3 e6 12. O-O Rd8 (12... Be7 {
is more common.}) 13. Be3 Be7 14. Rc1 ({6 years ago Tiviakov already tried} 14.
Qg4 O-O 15. Rad1 g6 16. Rfe1 a6 17. Bd3 Bf6 18. Be4 Nxd4 19. Bxb7 Qxb7 20. Bxd4
Bxd4 21. Rxd4 {and draw 1/2 Tiviakov-Karjakin, Wijk aan Zee 2007.}) (14. Qb3 {
is also popular.}) 14... O-O 15. Na4 Qd5 16. Bxc6 bxc6 17. Nc3 $146 {The first
new move by Tiviakov.} (17. Nxb6 axb6 18. Qb3 Qxb3 19. axb3 Rd6 20. Ra1 Rc8 21.
Ra6 b5 22. Rc1 h5 $11 {with a drawish endgame, Engelbert-Michaelsen, Hamburg
1992.}) 17... Qa5 18. Qe2 Rd7 19. a3 Bf6 20. Ne4 (20. Rfd1 Rfd8 {and the d4 P
will be lost.}) 20... Bxd4 21. Rxc6 Qe5 22. Bxd4 Rxd4 23. Re1 Rfd8 24. g3 h6
25. Rc2 Qf5 {So far they have played almost the best moves.} 26. Rd2 $6 {
An inaccurate move, White allows the activation of the black N.} (26. Rc6 {
was the better choice,} Qd5 27. Rc5 Qd7 28. b4 {with a balanced position.})
26... Nc4 $1 27. Rxd4 Rxd4 $15 {Black's position is already slightly better,
his pieces are very powerful.} 28. f3 {Important, otherwise Ne5 is too strong.}
Qd5 ({In the event of} 28... Ne5 29. Kg2 {White can still hold.}) 29. Kg2 $2 {
A mistake, which allows Black's next strong reply.} (29. Rc1 {was tougher} Rd3
30. Nf2 {and it is still not so easy.}) 29... Rd3 $1 {Suddenly White is in big
trouble. There are many weaknesses in his position.} 30. Qf2 f5 $1 {Another
exact move, now the white N has to leave the centre.} 31. Nc3 Qc6 {Threatening
with Nxb2.} 32. Na2 a5 33. Nc1 Rd2 34. Re2 Rd1 35. Nb3 (35. Re1 $2 {is not
working, because of} Rxe1 36. Qxe1 Nxb2 $19 {and Black wins.}) 35... Qd5 {
Black's pieces dominate the whole board.} 36. Qc5 (36. Nc5 e5 $17 {and the
white N doesn't find its place.}) 36... a4 $1 37. Qxd5 exd5 38. Nc5 d4 39. Nxa4
Kf7 {A nice cool-blooded move.} ({On the other hand} 39... d3 {was also strong:
} 40. Re8+ Kf7 41. Rd8 Ke7 42. Rd4 Rd2+ 43. Kg1 Ne5 $17 {and Black is better.})
40. b3 $6 (40. Kf2 {was more accurate, but White's position is already bad.}
Rc1 41. Nc5 Ne3 $17) 40... d3 $1 41. Rf2 d2 42. Kh3 (42. bxc4 Rg1+ $1 $19)
42... Rb1 43. Nc3 Rxb3 44. Nd1 Rb1 {A great win by Bu Xiangzhi!} 0-1

[Event "EU-Cup 29th"]
[Site "Rhodes"]
[Date "2013.10.22"]
[Round "3.1"]
[White "Vachier Lagrave, Maxime"]
[Black "Sutovsky, Emil"]
[Result "1-0"]
[WhiteElo "2742"]
[BlackElo "2657"]
[Annotator "Szabo,Kr"]
[PlyCount "117"]
[EventDate "2013.10.20"]
[EventType "team-swiss"]
[EventRounds "7"]
[EventCountry "GRE"]
[SourceTitle "CBM 157"]
[Source "ChessBase"]
[SourceDate "2013.11.12"]
[SourceVersion "1"]
[SourceVersionDate "2013.11.12"]
[SourceQuality "1"]
[WhiteTeam "Clichy Echecs 92"]
[BlackTeam "Odlar Yurdu"]
[WhiteTeamCountry "FRA"]
[BlackTeamCountry "AZE"]

1. e4 c5 2. Nf3 Nc6 3. c3 Nf6 4. e5 Nd5 5. Bc4 (5. d4 {is the another main
line.}) 5... Nb6 6. Bb3 d6 (6... c4 7. Bc2 Qc7 8. Qe2 g5 $5 {A very
interesting ambitious move.} 9. h3 Bg7 10. O-O Nxe5 11. Nxg5 h6 12. Nf3 d6 $13
{with a double-edged fight, Vallejo Pons-R.Mamedov, Aix-les-Bains 2011.}) (6...
d5 7. exd6 {is transposing to the text move.}) 7. exd6 Qxd6 8. O-O (8. Na3)
8... Bf5 (8... Be6) ({or} 8... c4 {are more popular.} 9. Bc2 Bg4 10. Qe2 Qe6
11. Qe3 Qxe3 12. fxe3 e5 13. b3 f6 14. Na3 Bxa3 15. Bxa3 O-O-O 16. Rf2 Kc7 {
with a nearly equal position, Tiviakov-Anand, Wijk aan Zee 2010.}) 9. d4 e6 (
9... cxd4 10. Nxd4 Nxd4 11. cxd4 e6 12. Nc3 Be7 13. Qf3 O-O (13... Qxd4 14.
Qxb7 $36 {Lautier-J.Polgar, Hilversum 1993.}) 14. d5 $36 {and White has some
initiative.}) 10. Na3 {A very logical move.} a6 {Forced, otherwise Nb5 then
Bf4 comes.} 11. Be3 cxd4 12. Nxd4 Nxd4 13. Bxd4 O-O-O (13... Be7 {could have
been met by} 14. Qf3 O-O 15. Qxb7 $16) 14. Qh5 Qc7 {Black sacrifices his f7 P
and hopes that his two strong Bs give some compensations for that.} ({In case
of} 14... Bg6 15. Qa5 Nd7 16. Nc4 $36 {and White has a very strong initiative.}
) 15. Bxb6 Qxb6 16. Qxf7 Bc5 $146 {A logical novelty. Sutovsky finished his
development. Now the f2 P is under fire and Black is ready to play Rhf8.} (
16... Bxa3 17. bxa3 Rd7 18. Qh5 g6 19. Qh4 h5 20. Rfe1 Rhd8 21. Qb4 Rd6 22. Re3
g5 23. Rae1 Qc6 24. h3 $14 {and White is slightly better, Mammadov-Grabinsky,
Pardubice 2013.}) 17. Nc4 $1 Qc7 18. Qxc7+ Kxc7 {White has a healthy extra P
in the _|_, >< e6 is also weak. The ^^ cannot fully compensate this.} 19. Rfd1
Bg4 (19... Rhf8 20. Ne3 $14) 20. Rxd8 Rxd8 21. Re1 b5 $6 ({Probably the solid} 
21... Bf5 {was the most exact reply.}) 22. Re5 $1 {A very important
intermediate move.} Ba7 (22... Rd5 23. Rxd5 exd5 24. Ne3 Bxe3 25. fxe3 $16 {
looks very unpleasant for Black.}) 23. Ne3 Bf5 (23... Bxe3 24. Rxe3 Rd2 25. Rg3
$1 Rxb2 26. h4 h5 27. f3 $18 {and Black's position looks hopeless.}) 24. Bxe6 (
24. Nxf5 $5 {was also interesting} exf5 25. Rxf5 Rd2 26. Rf7+ Kb8 27. Rxg7 Rxb2
28. g3 Bxf2+ 29. Kh1 {with a good winning chances for White.}) 24... Bxe3 25.
fxe3 Rd1+ 26. Kf2 Bxe6 27. Rxe6 Rd2+ 28. Kf3 a5 29. Ra6 a4 30. c4 $1 {A very
important move, which brakes Black's strong Ps.} Rxb2 31. cxb5 Rxa2 32. h4 Kd8
$6 {loses outright.} (32... a3 {was the better practical chance.} 33. h5 Ra1
34. Kf4 a2 35. Ke5 Rb1 (35... Kb7 {keeping the position with} 36. e4 Kb8 37. g4
Kb7 {was not rosy either:} 38. g5 Kb8 39. g6 hxg6 40. hxg6 Kb7 41. Ke6 Rg1 42.
Rxa2 Rxg6+ 43. Kd5) 36. Rxa2 $1 (36. Ra7+ Kd8 37. Rxa2 Rxb5+ 38. Kd6 Rb6+ 39.
Kc5 Rb7 40. Kc6 Rc7+ 41. Kd6 Rd7+ 42. Ke5 Ke7 {and Black has some drawish
chances.}) 36... Rxb5+ 37. Ke6 Rxh5 38. e4) 33. Ra7 $1 $18 Rb2 34. Rxg7 Rxb5
35. Ra7 $1 Rb4 36. Rxh7 a3 37. Ra7 Rxh4 38. Rxa3 {This is theoretical winning
endgame. The rest is easy for White.} Ke7 39. g4 Rh1 40. Kf4 Kf6 41. Ra6+ Kf7
42. e4 Rf1+ 43. Kg5 Rg1 44. e5 Rg2 45. e6+ Ke7 46. Kf5 Rf2+ 47. Kg6 Rg2 48. g5
Rg1 49. Kh6 Kf8 50. Ra7 Rh1+ 51. Kg6 Rg1 52. Ra5 Re1 53. Kf6 Rf1+ 54. Rf5 Ra1
55. g6 Ra7 56. Kg5+ Kg8 57. Rd5 Ra8 58. Kh6 Kf8 59. Rd7 1-0